|
|
|
|
| LEADER |
00000nab a2200000 a 4500 |
| 001 |
vtls000799385 |
| 003 |
SK-MaSNL |
| 005 |
20260319075029.0 |
| 008 |
160314c2002 xo 0 hun |
| 015 |
|
|
|a SNBRB2002/06-20835
|
| 035 |
|
|
|a CLN000151040
|
| 040 |
|
|
|a SNKBUCL
|b slo
|c SNKBUCL
|e AACR2
|
| 041 |
0 |
|
|a slo
|
| 044 |
|
|
|a xo
|c SK
|
| 080 |
|
|
|a 82:061.7(437.6=945.11):06.063:82.085
|2 UDC-MRF-SK2
|
| 080 |
|
|
|a 82.085
|2 UDC-MRF-SK2
|
| 100 |
1 |
|
|a Szászi, Zoltán,
|d 1964-
|4 aut
|9 102323
|
| 245 |
1 |
0 |
|a Bizalmas jelentés egy fesztiválról
|c Szászi Zoltán
|
| 300 |
|
|
|b Fotogr.
|
| 611 |
1 |
7 |
|a Celoštátna prehliadka recitátorov Mihálya Tompu
|n 11.
|d 2002
|c Rimavská Sobota, Slovensko
|2 snkbucl
|9 852066
|
| 650 |
0 |
7 |
|a amatérsky umelecký prednes
|x súťaže
|2 snkbucl
|9 86390
|
| 651 |
|
7 |
|a 609
|2 snkbucl
|9 296870
|
| 773 |
0 |
|
|t Vasárnap
|g Roč. 35, č. 21 (2002), s. 14-15
|
| 850 |
|
|
|a Slovenská národná knižnica v Martine
|
| 852 |
|
|
|a SNK
|b KIS3GCP
|
| 958 |
|
|
|a HU
|
| 958 |
|
|
|a SK
|
| 958 |
|
|
|a LX
|
| 958 |
|
|
|a RBX
|
| 999 |
|
|
|c 1371946
|d 1373876
|